Specifika vývoje trhu práce v České republice

Vývoj ponuky a dopytu na českom trhu práce. Vývoj nezamestnanosti. Počet nezamestnaných osôb v Českej republike v období 1993-2009. Počet uchádzačov o zamestnanie a pracovných miest (2004-2010). Zmeny v odvetvovej štruktúre ekonomiky. Finančná kríza a recesia. Ako predchádzať nezamestnanosti.

Salvato in:
Dettagli Bibliografici
Autore principale: Palát, Milan
Natura: Capitolo di libro
Lingua:ceco
Soggetti:
Tags: Aggiungi Tag
Nessun Tag, puoi essere il primo ad aggiungerne!!

MARC

LEADER 00000nla a2200000 4500
001 0162259
005 20220422111858.8
041 0 |a cze 
044 |a CZ 
245 1 0 |a Specifika vývoje trhu práce v České republice  |c Milan Palát 
520 |a Vývoj ponuky a dopytu na českom trhu práce. Vývoj nezamestnanosti. Počet nezamestnaných osôb v Českej republike v období 1993-2009. Počet uchádzačov o zamestnanie a pracovných miest (2004-2010). Zmeny v odvetvovej štruktúre ekonomiky. Finančná kríza a recesia. Ako predchádzať nezamestnanosti. 
610 2 0 |a trh práce 
610 2 0 |a nezamestnanosť 
610 2 0 |a miesta pracovné 
610 2 0 |a odvetvia priemyselné 
610 2 0 |a ponuka 
610 2 0 |a dopyt 
610 2 0 |a vzdelanie 
610 2 0 |a vývoj 
610 2 0 |a kríza finančná 
610 2 0 |a Česko 
100 1 |a Palát, Milan